000 00738nam a2200217 a 4500
003 BD-RjUL
005 20240204102816.0
008 240205s195 ir 000 0 ara d
035 _a(BD-RjUL)
040 _aHAI
_beng
_cBD-RjUL
041 0 _aara
_aper
082 _223
_a892.7355
_bHAL [1951]
100 1 _aهالرائد بهادر
_911394
245 1 0 _aمنتهى الأرب ;; Muntahá al-arab /
_bكپتان هالرئد بهادر ;; Captain Halred Bahadur
246 3 3 _aفرهنگ عربي-بفارسي
260 _aLahore :
_bدرمطبع سرگاری ,،
_c1951
300 _a587 p. ;
_c30 cm
500 _aبالعربية والفارسية
650 4 _aArabic language
_vDictionaries
_xPersian
_911395
942 _2ddc
_cREF
999 _c82926
_d82926